000 00770nam a22002291 4500
999 _c329210
_d329210
001 273714
003 ASAB
005 20170426163122.0
008 871214s1921 enka 000 0 eng
010 _a 22008378
020 _a81-219-3016-2
040 _aDLC/ICU
_cASAB
_dDLC
050 0 0 _aQH505
_b.B83
082 0 0 _a612.01
245 1 3 _aintroduction to biophysics
_cby Pranab kumar banerjee
_bfor the graduate & P.G. Students of biophysics, microbiology & biological sciences
260 _aNew Delhi
_bS.Chand & Company Ltd.
_c2008
300 _ax, 270 p. :
_billus.
_c25 cm.
650 0 _aBiophysics.
650 0 _aPhysiology.
740 0 _aBiophysics.
906 _a7
_bcbc
_corignew
_du
_eocip
_f19
_gy-gencatlg
942 _2ddc
_cBK